000 00637nam a2200181Ia 4500
008 090124s9999 xx 000 0 und d
082 _b15312
_a1805
100 _aगडकरी राम गणेश (गोविंदाग्रज)
245 _a राजसंन्यास
250 _a1
260 _c1966
300 _a13+67
600 _aगडकरी राम गणेश (गोविंदाग्रज)
630 _a राजसंन्यास
700 _aगडकरी राम गणेश (गोविंदाग्रज)
730 _a राजसंन्यास
942 _cBOOK
999 _c129252
_d129252